Statistics for Countries With The Highest Average IQs(Intelligence)

Click here to take the quiz!

General Stats

  • This quiz has been taken 135 times
    (128 since last reset)
  • The average score is 7 of 15

Answer Stats

Average IQCountry% Correct
105Japan
91%
100China
87%
106South Korea
81%
100Norway
62%
108Singapore
62%
101Switzerland
58%
102Italy
53%
100Austria
46%
100Netherlands
41%
101Iceland
36%
100Luxembourg
30%
BONUSFull form of IQ:{Intelligence Quotient}
25%
84{Indian IQ}India lost this one instead of scoring first in "Countries With Most Intelligent Peoples"{}
16%
101Mongolia
12%
100United Kingdom
4%

Score Distribution

Percentile by Number Answered

Percent of People with Each Score

Your Score History

You have not taken this quiz since the last reset